[Event "BCF-ch U14"]
[Site "Llandudno"]
[Date "2017.08.02"]
[Round "4"]
[White "Gray, Edward"]
[Black "Doherty, Bobby"]
[Result "1-0"]
[WhiteElo "1343"]
[BlackElo "1517"]
[PlyCount "55"]
[EventDate "2017.07.30"]
[EventType "swiss"]
[EventRounds "7"]
[EventCountry "WLS"]
[SourceTitle "CBM 179 Extra"]
[Source "ChessBase"]
[SourceDate "2017.08.23"]
[SourceVersion "1"]
[SourceVersionDate "2017.08.23"]
[SourceQuality "1"]

1. e4 Nf6 2. e5 Nd5 3. c4 Nb6 4. d4 d6 5. exd6 exd6 6. Nc3 Nc6 7. Bf4 Bf5 8. Nf3 Bg4 9. Be2 Bxf3 10. gxf3 Qf6 11. Be3 g6 12. Nd5 Nxd5 13. cxd5 Ne7 14. Qb3 Rb8 15. Qa4+ c6 16. Qxa7 Rc8 17. Qxb7 cxd5 18. Bb5+ Rc6 19. Bxc6+ Nxc6 20. Qxc6+ Ke7 21. Qxd5 h6 22. Rc1 Bg7 23. Rc7+ Kd8 24. Qc6 Qe6 25. d5 Bc3+ 26. bxc3 Qxe3+ 27. fxe3 Re8 28. Qxd6# 1-0

[Event "BCF-ch U11"]
[Site "Coventry"]
[Date "2015.07.30"]
[Round "5"]
[White "Ratnesan, Rajeiv"]
[Black "Gray, Edward"]
[Result "1-0"]
[WhiteElo "1413"]
[BlackElo "105"]
[PlyCount "97"]
[EventDate "2015.07.27"]
[EventType "swiss"]
[EventRounds "7"]
[EventCountry "ENG"]
[SourceTitle "EXT 2016"]
[Source "ChessBase"]
[SourceDate "2015.10.08"]
[SourceVersion "1"]
[SourceVersionDate "2015.10.08"]
[SourceQuality "1"]

1. g3 c5 2. Bg2 d6 3. d3 Nf6 4. b3 g6 5. Bb2 Bg7 6. Nd2 0-0 7. e3 Nc6 8. Ne2 Bd7 9. 0-0 Qc7 10. a3 Rad8 11. c4 a6 12. Qc2 b5 13. Rfc1 Rc8 14. Rab1 b4 15. d4 bxa3 16. Bxa3 Nb4 17. Bxb4 cxb4 18. Ra1 a5 19. Qa2 a4 20. bxa4 Qa7 21. a5 Bc6 22. Bxc6 Rxc6 23. Qa4 Ra6 24. Qxb4 Rb8 25. Qa3 Ra8 26. Nb3 Ne4 27. Nc3 Nxc3 28. Rxc3 e5 29. Rd3 exd4 30. exd4 Qc7 31. Rc1 Bh6 32. Rcc3 Qe7 33. Kf1 Qe4 34. f3 Qf5 35. Kg2 Qe6 36. Qa2 Rxa5 37. Nxa5 Rxa5 38. Qxa5 Qe2+ 39. Kh3 Qf1+ 40. Kh4 g5+ 41. Kg4 Qe1 42. Qd8+ Kg7 43. Qxd6 Qa1 44. Qe5+ f6 45. Qe7+ Kg6 46. Qe8+ Kg7 47. Ra3 f5+ 48. Kxf5 Qg1 49. Ra7# 1-0

[Event "BCF-ch U11"]
[Site "Coventry"]
[Date "2015.07.28"]
[Round "2"]
[White "Gray, Edward"]
[Black "Sanitt, Leo"]
[Result "0-1"]
[WhiteElo "105"]
[BlackElo "1542"]
[PlyCount "58"]
[EventDate "2015.07.27"]
[EventType "swiss"]
[EventRounds "7"]
[EventCountry "ENG"]
[SourceTitle "EXT 2016"]
[Source "ChessBase"]
[SourceDate "2015.10.08"]
[SourceVersion "1"]
[SourceVersionDate "2015.10.08"]
[SourceQuality "1"]

1. e4 d5 2. exd5 Qxd5 3. Nc3 Qa5 4. d4 c6 5. Bd2 Qc7 6. Bc4 Nf6 7. Qe2 Bf5 8. 0-0-0 Nbd7 9. h3 e6 10. g4 Bg6 11. h4 h6 12. h5 Bh7 13. Nf3 0-0-0 14. Ne5 Nxe5 15. dxe5 Nd5 16. Bxd5 cxd5 17. Be3 Qxe5 18. f4 Qb8 19. Nb5 b6 20. Qd2 Kb7 21. a4 Rc8 22. c3 a6 23. Na3 Bxa3 24. bxa3 Rc6 25. Qb2 Rhc8 26. Bd4 Qxf4+ 27. Rd2 e5 28. Bg1 Rxc3+ 29. Kd1 Qf1# 0-1